000 01438nam a2200229Ia 4500
003 Ost
005 20260416102357.0
008 260416s9999||||xx |||||||||||||| ||und||
040 _cfsecg
041 _aara
082 _a658
100 _aدوداح، رضوان
_eمؤلف
245 0 _a النظرية المحاسبية والجبائية :
_bموجهة لطلبة الليسانس و الماستر /
_c رضوان دوداح
260 _aالجزائر
_bجامعة الجزائر3: كلية العلوم الإقتصادية، العلوم التجارية وعلوم التسيير
_c2021
300 _a111 ورقة
_c30 سم
504 _aمراجع ص.107
520 _aمفهوم النظرية المحاسبية، المحاسبة الدولية، النظام المحاسبي المالي كما تم التطرقالى مفهوم الضريبة و الأساس القانوني لها ، التنظيم الفني للضريبة، الأثار الاقتصادية للضرائب و كذا مفهوم النظام الضريبي الجزائري ، أساليب و أهداف الاصلاح الضريبي و بنية النظام الضريبي بعد الاصلاح.
653 _aالضرائب
653 _aالمحاسبة
710 _aجامعة الجزائر3: كلية العلوم الإقتصادية، العلوم التجارية وعلوم التسيير
_eناشر علمي
942 _cHANDOUT
999 _c41251
_d41251